Statistiques concernant Pays du 15e parallèle Sud

Cliquez ici pour prendre le quiz!

Statistiques générales

  • Ce quiz a été pris 44 fois
    (24 depuis la dernière actualisation)
  • Le résultat moyen est 8 sur 11

Statistiques - réponses

ContinentPays% Correct
OcéanieAustralie
96%
AmériquesBrésil
91%
AmériquesPérou
91%
AmériquesBolivie
87%
AfriqueAngola
83%
AfriqueMozambique
83%
AfriqueZambie
83%
OcéanieVanuatu
74%
AfriqueMadagascar
70%
AfriqueMalawi
61%
OcéanieFrance (Polynésie française)
30%

Distribution des résultats

Percentile par nombre de réponses

% des personnes avec chaque résultat

Votre développement - résultats

Vous n’avez pas pris ce quiz depuis la dernière actualisation